Countries With 'B' Quiz Stats

 Plays Quiz Updated Sep 28, 2018

Score 0/46 Timer 07:00
14 Plays Today
Country % Correct
Brazil
89.1%
Belgium
86%
Bolivia
83.8%
Belize
77.4%
Botswana
76.1%
Bahamas
76%
Bulgaria
76%
Belarus
74.5%
Bangladesh
73.2%
Barbados
73.1%
Bhutan
71.6%
Bahrain
70.6%
Bosnia and Herzegovina
70.6%
Albania
70%
Zimbabwe
69.9%
Democratic Republic of the Congo
68.3%
Libya
68.2%
Benin
67.5%
Zambia
66.6%
Burundi
66.2%
Brunei
65.5%
Cuba
65.4%
Cambodia
64.9%
Country % Correct
Azerbaijan
63.9%
Republic of the Congo
63.5%
Colombia
63.3%
Namibia
63%
Lebanon
61.2%
Liberia
60.3%
Uzbekistan
60.2%
Burkina Faso
59.4%
Serbia
59.1%
Antigua and Barbuda
58.9%
Djibouti
58.2%
Central African Republic
58%
Saudi Arabia
57.4%
Mozambique
56.9%
The Gambia
56.5%
Gabon
56.5%
Cabo Verde
55.7%
United Arab Emirates
55.2%
Luxembourg
55.1%
Dominican Republic
54.4%
Trinidad and Tobago
52.2%
Guinea-Bissau
47.4%
Kiribati
44.2%

You're not logged in!

Compare scores with friends on all Sporcle quizzes.
OR
Log In

Sporcle TV

Today on Sporcle TV


Watch our educational content, quiz creation guides, and fun videos on Sporcle TV.

Show Comments

Extras

Top Quizzes Today


Score Distribution

Your Account Isn't Verified!

In order to create a playlist on Sporcle, you need to verify the email address you used during registration. Go to your Sporcle Settings to finish the process.

Report this User

Report this user for behavior that violates our Community Guidelines.

Details: